| 000 | 01211naa a22003257a 4500 | ||
|---|---|---|---|
| 001 | BR8006753 | ||
| 003 | BR-BrBNA | ||
| 005 | 20240918174707.0 | ||
| 007 | ta | ||
| 008 | 230509b bl.||||| |||| 00| 0 por d | ||
| 040 |
_aBR-BrBNA _bpor _cBiblioteca Nacional de Agricultura |
||
| 041 | _a(Pt) | ||
| 072 |
_aN20; F60 _b4530 _bG514 |
||
| 090 | _aN20 BR8006753 | ||
| 100 | 1 | _aStefanutti, R. | |
| 100 | 1 | _aOrtolani, A.F. | |
| 100 | 1 | _aCoan, O. | |
| 111 | 1 |
_a10. Congresso Brasileiro de Engenharia Agricola _cCampinas, SP (Brazil) _d13 Jul 1980 |
|
| 245 | 1 | _aDesenvolvimento de uma pista de ensaio e carrinho com roda compactadora para estudos relacionados com emergencia de plantulas [Brasil] | |
| 260 | 3 |
_aCampinas, SP (Brasil): _c1980. |
|
| 500 | _aAnais do 10. Congresso Brasileiro de Engenharia Agricola Campinas, SP (Brasil): 1980. p. 190-203 (BR8006753-AM)N20 | ||
| 650 | _aEQUIPAMENTO RURAL | ||
| 650 | _aMAQUINA AGRICOLA | ||
| 650 | _aPLANTULA | ||
| 650 | _aGERMINACAO | ||
| 650 | _aEMERGENCIA | ||
| 773 | 0 |
_tAnais do 10. Congresso Brasileiro de Engenharia Agricola _wN20 BR8006753 _gCampinas, SP (Brasil), 1980. p. 190-203 |
|
| 909 |
_a202404 _bLucia _c55 _dLucia Elande |
||
| 942 |
_cAM _2AGRIS |
||
| 999 |
_c312925 _d312925 |
||